BABYMONSTER - Paroles WE GO UP - Statistiques

Statistiques générales
  • Ce quiz a été pris 51 fois
    49 depuis la dernière actualisation
  • Le résultat moyen est 341 sur 500
Statistiques - réponses
Hint Réponse % Correct
huh
100%
N,
100%
Uh
100%
uh, uh
100%
woah,
100%
woah
100%
Y
100%
a
97%
A
97%
(Ah-ah,
97%
we
97%
Refrain (We
97%
Outro We
97%
B
94%
Couplet 1 Uh,
94%
uh
94%
I
91%
O
91%
oh, oh,
91%
oh, oh
91%
oh, oh, oh
91%
ya
91%
you
91%
You
91%
(You
91%
Intro Yeah
88%
do?
88%
do
88%
game
88%
go
88%
go,
88%
Yeah,
88%
Yeah
88%
(Yeah)
88%
yeah
88%
Bridge yeah,
88%
never
84%
play
84%
don't
81%
see
81%
M
78%
the
78%
this
78%
This
78%
this,
78%
know
75%
Know
75%
baby,
72%
gon'
72%
gon',
72%
no
72%
show
72%
typa,
72%
typa
72%
up,
72%
up
72%
up)
72%
Up
72%
Pré-refrain What
72%
what
72%
and
69%
Couplet 2 Copy,
69%
copy,
69%
copy
69%
look
69%
me
69%
me,
69%
seen
69%
ain't
66%
be
66%
for
66%
is
66%
it,
66%
it)
66%
it
66%
killas,
66%
killas
66%
Like,
66%
like,
66%
Like
66%
like
66%
Lookin'
66%
lookin'
66%
to
66%
when
66%
When
66%
'bout
63%
good,
63%
in
63%
love
63%
new
63%
brand
59%
but
59%
high
59%
high)
59%
on
59%
pop
59%
can
56%
feel
56%
Feel
56%
flow,
56%
villains,
56%
villains
56%
wave,
56%
will
56%
'cause
53%
fall
53%
my
53%
Nobody
53%
nobody,
53%
nobody
53%
us?
53%
about
50%
crashing
50%
dominate,
50%
fly,
50%
gonna
50%
had
50%
how
50%
icons
50%
it's
50%
Let
50%
over
50%
over,
50%
problems
50%
pull
50%
wanna
50%
blow
47%
dangerous,
47%
dangerous
47%
error
47%
get
47%
rocket
47%
say
47%
Tidal
47%
tidal
47%
'til
47%
Unbelievable,
47%
walk
47%
all
44%
bygones
44%
bygones,
44%
domino
44%
heard
44%
history
44%
left
44%
make
44%
monster
44%
pocket,
44%
ring,
44%
catching
41%
Definition
41%
name,
41%
name
41%
roll
41%
site
41%
slip,
41%
That
41%
Bet
38%
burn
38%
changer,
38%
closer,
38%
come
38%
forget
38%
hand
38%
I'll
38%
at
34%
back,
34%
better
34%
road,
34%
stop,
34%
take
34%
They
34%
watch
34%
Clock
31%
eatin'
31%
run
31%
wrist
31%
you're
31%
You're
31%
buckle
28%
flick
28%
met
28%
switch
28%
leftovers,
25%
of
25%
ticking,
25%
what's
25%
that's
22%
with
19%
Aucun quiz correspondant
Distribution des résultats
% des personnes avec chaque résultat
Percentile par nombre de réponses
Votre historique - résultats
Vous n’avez pas pris ce quiz depuis la dernière actualisation